| 000 | 00396nam a22001697a 4500 | ||
|---|---|---|---|
| 005 | 20180519120233.0 | ||
| 008 | 160519b xxu||||| |||| 00| 0 eng d | ||
| 020 | _a978-87-908762-1-6 | ||
| 041 | _aeng | ||
| 082 |
_b3337 _a512 |
||
| 100 |
_aSinha K.C. _9829 |
||
| 245 | _aAlgebra fun IIT-JEE/AIEEE | ||
| 260 | _bEdvaiser | ||
| 300 | _a20.12 | ||
| 650 |
_aDIPLOMA ENGINEERING _9817 |
||
| 942 | _cBK | ||
| 999 |
_c1143 _d1143 |
||